Estadísticas para Países que Producen la Mayor Cantidad de Petróleo

Haz click aquí para intentar la prueba.

Estadísticas generales

  • Esta prueba ha sido intentada 1.798 veces
  • La puntuación promedio es 15 de 20

Estadísticas de respuestas

Barriles / DíaPaís% Correcto
8.88 MEstados Unidos
97%
10.5 MArabia Saudita
95%
10.6 MRusia
95%
2.28 MVenezuela
92%
3.98 MChina
89%
3.11 MEmiratos Árabes Unidos
88%
3.99 MIrán
88%
4.45 MIrak
87%
1.52 MCatar
85%
2.19 MMéxico
83%
3.66 MCanadá
82%
2.52 MBrasil
79%
1.00 MOmán
77%
2.92 MKuwait
76%
1.65 MNoruega
66%
1.35 MArgelia
59%
0.939 MReino Unido
59%
1.60 MKazajistán
58%
2.00 MNigeria
51%
1.77 MAngola
32%

Distribución de puntuación

Porcentaje por número respondido

Porcentaje de gente con cada puntuación

Historial de tus puntuaciones

No has intentado esta prueba.